000 00420nam a2200121Ia 4500
008 220615s9999||||xx |||||||||||||| ||und||
100 _aLuca Colucci D’Amato||Maria Teresa Gentile
245 0 _aAstrocyte - Physiology and Pathology
546 _aEnglish[eng]
650 _aLife Sciences||Neuroscience||Neurophysiology
856 _uhttps://www.intechopen.com/books/astrocyte-physiology-and-pathology
942 _cEB
999 _c12161
_d12161